000 01121nam a2200313 i 4500
001 000038783
003 DO-SdBNP
005 20251027150047.0
007 ta
008 111125s1997 dr l000 0 spa d
020 _a84899539588
040 _aDO-SdBNP
_bspa
_cBNPHU
_erda
041 _aspa
082 4 _a920.07293
_bM385d 1997
_222
100 1 _aMartínez, Rufino,
_d1893-
_eautor
_923201
_4aut.
245 1 0 _aDiccionario biográfico-histórico dominicano (1821-1930) /
_cRufino Martínez ; presentación, Emilio Cordero Michel.
250 _aSegunda edición
264 4 _aSanto Domingo, República Dominicana :
_bEditora De Colores, S. A.,
_c©1997.
300 _a584 páginas ;
_c26 cm.
336 _ardacontent
_btexto
_2txt
337 _ardamedia
_bsin mediación
_2n
338 _ardacarrier
_bvolumen
_2nc
500 _aTexto a dos columnas
590 _aInventariado, 2024/DG
651 4 _aRepública Dominicana
_xBiografías
_y1821-1930
_vDiccionarios
_962098
700 1 _aCordero Michel, Emilio,
_d1929-2018
_944029
_epresentador
_4pr.
910 _aValidado. Control de calidad MFF
942 _2ddc
_cLBS1
999 _c38273
_d38273